Music Quiz

Random Music or Song Quiz

Top Hit Artists of the '60s Quiz Stats

Quiz Updated Sep 5, 2015

Challenge
Share
Tweet
Embed
Score 0/45 Timer 10:00
1 Play Today
Type Artist % Correct
GroupsThe Beatles
95%
GroupsThe Rolling Stones
89.4%
Male ArtistsElvis Presley
86.2%
Female ArtistsAretha Franklin
84%
Male ArtistsRoy Orbison
83.4%
GroupsThe Monkees
81.9%
GroupsThe Supremes
79.8%
Male ArtistsMarvin Gaye
79.8%
GroupsThe Beach Boys
78.1%
Male ArtistsChubby Checker
74%
GroupsThe Temptations
73.3%
Male ArtistsJames Brown
69.6%
GroupsThe 4 Seasons
62.3%
Female ArtistsPetula Clark
55.1%
GroupsFour Tops
54.3%
Male ArtistsFrank Sinatra
53.4%
Female ArtistsNancy Sinatra
53%
Male ArtistsDion
50.2%
GroupsHerman's Hermits
49.5%
GroupsThe Everly Brothers
45.8%
Female ArtistsLesley Gore
38.8%
Female ArtistsDusty Springfield
35.1%
Male ArtistsRick Nelson
34.3%
Type Artist % Correct
Male ArtistsBobby Vinton
32.7%
GroupsThe Shirelles
31.8%
GroupsThe Miracles
30.4%
Male ArtistsSam Cooke
30.1%
Female ArtistsBrenda Lee
29.9%
Male ArtistsRay Charles
29.5%
Female ArtistsMary Wells
27.1%
GroupsThe Drifters
24.6%
Female ArtistsEtta James
20.8%
Female ArtistsConnie Francis
19.2%
GroupsDave Clark Five
16.8%
Male ArtistsBobby Vee
15.8%
Female ArtistsDionne Warwick
15.7%
Male ArtistsBobby Darin
11.7%
Male ArtistsJackie Wilson
11.5%
Female ArtistsDee Dee Sharp
6.4%
Female ArtistsPatti Page
6.4%
Male ArtistsBrook Benton
6.1%
GroupsThe Impressions
5.9%
Female ArtistsTammi Terrell
5.6%
Female ArtistsCarla Thomas
5.5%
Female ArtistsDinah Washington
3.7%

You're not logged in!

Compare scores with friends on all Sporcle quizzes.
Sign Up with Email
OR
Log In

You Might Also Like...

Show Comments

Extras

Top Quizzes Today


Score Distribution

Your Account Isn't Verified!

In order to create a playlist on Sporcle, you need to verify the email address you used during registration. Go to your Sporcle Settings to finish the process.